[Event "Rhodes Summer Cup"]
[Site "Rhodes"]
[Date "2023.08.23"]
[Round "3"]
[White "Goroshkov, Maksym"]
[Black "Antal, Gergely"]
[Result "0-1"]
[WhiteElo "2257"]
[BlackElo "2558"]
[PlyCount "98"]
[EventDate "2023.08.21"]
[EventType "swiss"]
[EventRounds "9"]
[EventCountry "GRE"]
[SourceTitle "CBM 215 Extra"]
[Source "ChessBase"]
[SourceDate "2023.09.30"]
[SourceVersion "1"]
[SourceVersionDate "2023.09.30"]
[SourceQuality "1"]

1. Nf3 c5 2. b3 Nf6 3. Bb2 d6 4. g3 e5 5. d3 g6 6. Bg2 Bg7 7. 0-0 0-0 8. c4 Nc6 9. Nbd2 Rb8 10. Ne1 Bd7 11. Nc2 a6 12. a3 b5 13. Ra2 Qc8 14. Re1 Bh3 15. Bh1 h5 16. cxb5 axb5 17. a4 Be6 18. axb5 Rxb5 19. Na3 Rb8 20. Nac4 Rd8 21. Bc3 Nd5 22. Ba5 Nxa5 23. Rxa5 Nb4 24. Nf3 Qc7 25. Ra3 d5 26. Ne3 Bh6 27. Nc2 e4 28. Nh4 Bg5 29. Nxb4 cxb4 30. Ra6 Bxh4 31. gxh4 Qf4 32. Qc1 Qxh4 33. dxe4 dxe4 34. Qe3 Rb5 35. Bg2 Rg5 36. Kh1 Qg4 37. Qxe4 Bxb3 38. Ra8 Rxa8 39. Qxa8+ Kh7 40. Qb7 Be6 41. e3 b3 42. f4 Ra5 43. Be4 Ra2 44. Rg1 Qe2 45. Bg2 b2 46. f5 gxf5 47. Qb8 Ra1 48. Bf1 Qf3+ 49. Bg2 Rxg1+ 0-1

[Event "HUN-ch Rapid"]
[Site "Ajka"]
[Date "2023.07.22"]
[Round "5"]
[White "Kozak, Adam"]
[Black "Antal, Gergely"]
[Result "1-0"]
[WhiteElo "2571"]
[BlackElo "2558"]
[PlyCount "87"]
[EventDate "2023.07.21"]
[EventType "swiss (rapid)"]
[EventRounds "13"]
[EventCountry "HUN"]
[SourceTitle "CBM 215 Extra"]
[Source "ChessBase"]
[SourceDate "2023.09.30"]
[SourceVersion "1"]
[SourceVersionDate "2023.09.30"]
[SourceQuality "1"]

1. e4 c6 2. Nf3 d5 3. exd5 cxd5 4. Ne5 a6 5. d4 Nc6 6. c4 g6 7. Be3 Bg7 8. Nc3 Bxe5 9. cxd5 Bg7 10. dxc6 bxc6 11. Qf3 Nf6 12. Bc4 0-0 13. 0-0 Bd7 14. h3 Qa5 15. Rac1 Rfd8 16. Rfe1 Qf5 17. Qe2 Bc8 18. Na4 Nd5 19. Nc5 a5 20. b3 Qf6 21. Qd2 Nxe3 22. fxe3 Qd6 23. Qf2 Rf8 24. Rf1 e6 25. Kh1 Kh8 26. Rcd1 Qe7 27. Qf3 Qc7 28. Rc1 e5 29. d5 Qe7 30. Na4 cxd5 31. Bxd5 Rb8 32. e4 Ba6 33. Rfd1 f5 34. Nc5 Bc8 35. Qe2 fxe4 36. Bxe4 Bf5 37. Bxf5 gxf5 38. Nd7 f4 39. Nxb8 f3 40. gxf3 Rxb8 41. Rc4 Rf8 42. Rg1 Qe6 43. Rcg4 Bh6 44. Qc4 1-0

[Event "HUN-ch Rapid"]
[Site "Ajka"]
[Date "2023.07.21"]
[Round "4"]
[White "Antal, Gergely"]
[Black "Predke, Alexandr"]
[Result "1/2-1/2"]
[WhiteElo "2558"]
[BlackElo "2651"]
[PlyCount "81"]
[EventDate "2023.07.21"]
[EventType "swiss (rapid)"]
[EventRounds "13"]
[EventCountry "HUN"]
[SourceTitle "CBM 215 Extra"]
[Source "ChessBase"]
[SourceDate "2023.09.30"]
[SourceVersion "1"]
[SourceVersionDate "2023.09.30"]
[SourceQuality "1"]

1. e4 c5 2. Nf3 e6 3. c4 Nc6 4. d4 cxd4 5. Nxd4 Nf6 6. Nc3 Bc5 7. Nb3 Bb4 8. Bd3 d5 9. exd5 exd5 10. 0-0 Bxc3 11. bxc3 0-0 12. cxd5 Qxd5 13. c4 Qd7 14. Bb2 Rd8 15. Bxf6 gxf6 16. Be4 Qxd1 17. Rfxd1 Rxd1+ 18. Rxd1 Be6 19. Nc5 Na5 20. Nxe6 fxe6 21. Rd7 f5 22. Bxb7 Rb8 23. Bf3 Nxc4 24. h4 Ne5 25. Rxa7 Nxf3+ 26. gxf3 Rb4 27. h5 Rh4 28. a4 Rxh5 29. a5 Rh4 30. a6 Ra4 31. f4 Ra3 32. Kg2 h6 33. f3 Ra2+ 34. Kg3 Kf8 35. Kh4 Rh2+ 36. Kg3 Ra2 37. Kh3 Kg8 38. Kh4 Rh2+ 39. Kg3 Ra2 40. Kh4 Rh2+ 41. Kg3 1/2-1/2

[Event "HUN-ch Rapid"]
[Site "Ajka"]
[Date "2023.07.21"]
[Round "3"]
[White "Babula, Vlastimil1111"]
[Black "Antal, Gergely"]
[Result "0-1"]
[WhiteElo "2302"]
[BlackElo "2558"]
[PlyCount "171"]
[EventDate "2023.07.21"]
[EventType "swiss (rapid)"]
[EventRounds "13"]
[EventCountry "HUN"]
[SourceTitle "CBM 215 Extra"]
[Source "ChessBase"]
[SourceDate "2023.09.30"]
[SourceVersion "1"]
[SourceVersionDate "2023.09.30"]
[SourceQuality "1"]

1. e4 c6 2. d4 d5 3. exd5 cxd5 4. Bd3 Nc6 5. c3 Qc7 6. h3 Nf6 7. Nf3 g6 8. 0-0 Bf5 9. Be2 Bg7 10. Re1 0-0 11. a3 Rfe8 12. Nbd2 Rad8 13. Nf1 Ne4 14. Be3 a6 15. N1d2 Na5 16. a4 Nxd2 17. Nxd2 e5 18. dxe5 Bxe5 19. Nf3 Nc4 20. Bd4 Bxd4 21. Nxd4 Bc8 22. Bxc4 dxc4 23. Qd2 Bd7 24. Qh6 Bxa4 25. Nf5 f6 26. Nd4 Bd7 27. Rad1 Rxe1+ 28. Rxe1 Re8 29. Rxe8+ Bxe8 30. Qe3 Bf7 31. Qf3 Kg7 32. Qg4 h5 33. Qf3 b5 34. Qe3 Qd6 35. Qd2 Qe5 36. Nf3 Qe4 37. Nd4 Qd5 38. Qf4 a5 39. Qc7 b4 40. Qa7 Qe5 41. Kf1 Qe4 42. Kg1 Qe5 43. Qd7 bxc3 44. bxc3 a4 45. Qxa4 Qe1+ 46. Kh2 Qxc3 47. Qd7 Qe1 48. Nb5 Qe5+ 49. g3 h4 50. Nd6 hxg3+ 51. fxg3 Qe2+ 52. Kg1 Qe6 53. Qc7 f5 54. h4 f4 55. gxf4 Qg4+ 56. Kf2 Qxf4+ 57. Kg2 Qg4+ 58. Kf1 Qf3+ 59. Kg1 Qe3+ 60. Kg2 Qd2+ 61. Kf1 Qd3+ 62. Kg2 Qd5+ 63. Kf1 Qh1+ 64. Ke2 Qg2+ 65. Ke1 Qg3+ 66. Ke2 Qg4+ 67. Kf1 Qe6 68. Kg1 Kf6 69. Qc5 Qe1+ 70. Kg2 Qd2+ 71. Kf1 Qd3+ 72. Kg1 Bd5 73. Ne8+ Kf7 74. Nd6+ Ke6 75. Nb5 Qg3+ 76. Kf1 Qh3+ 77. Ke2 Qh2+ 78. Kd1 Qh1+ 79. Ke2 Qg2+ 80. Kd1 Qf1+ 81. Kd2 Qf4+ 82. Kc3 Qg3+ 83. Kb4 Qe1+ 84. Nc3 Qe5 85. Qb6+ Kf5 86. Ne2 0-1

[Event "Titled Tuesday intern op 06th Jun Early"]
[Site "Chess.com INT"]
[Date "2023.06.06"]
[Round "2"]
[White "Antal, Gergely"]
[Black "Jaskolka, Tomasz"]
[Result "0-1"]
[WhiteElo "2558"]
[BlackElo "2238"]
[PlyCount "88"]
[EventDate "2023.06.06"]
[EventType "swiss (blitz)"]
[EventRounds "11"]
[EventCountry "USA"]
[SourceTitle "EXT 2024"]
[Source "ChessBase"]
[SourceDate "2023.10.10"]
[SourceVersion "1"]
[SourceVersionDate "2023.10.10"]
[SourceQuality "1"]

1. d4 d5 2. c4 e5 3. dxe5 d4 4. Nf3 Nc6 5. a3 a5 6. e3 Bc5 7. Be2 Bg4 8. 0-0 dxe3 9. Bxe3 Bxe3 10. fxe3 Qxd1 11. Rxd1 Nge7 12. h3 Bxf3 13. Bxf3 Nxe5 14. Nc3 Nxc4 15. Nb5 0-0 16. Rd7 Nc6 17. Rxc7 Nxb2 18. Rxb7 Ne5 19. Bd5 Rab8 20. Rxb8 Rxb8 21. Nd4 Nbc4 22. e4 Kf8 23. Nf3 Rb2 24. Nxe5 Nxe5 25. Rc1 Ke7 26. Rc5 Kf6 27. Rxa5 Kg5 28. Bxf7 Kf4 29. Kf1 Ke3 30. Kg1 Nxf7 31. Ra7 Ng5 32. Rxg7 h6 33. e5 Rb5 34. e6 Nxe6 35. Rg6 Nf4 36. Rxh6 Rb1+ 37. Kh2 Rb2 38. Rh8 Rxg2+ 39. Kh1 Kf3 40. Rb8 Rd2 41. Rb3+ Nd3 42. Rb8 Nf2+ 43. Kg1 Rd1+ 44. Kh2 Rh1# 0-1

[Event "Titled Tuesday intern op 23rd May Early"]
[Site "Chess.com INT"]
[Date "2023.05.23"]
[Round "1"]
[White "Hoffmann, Asa"]
[Black "Antal, Gergely"]
[Result "1/2-1/2"]
[WhiteElo "2185"]
[BlackElo "2558"]
[PlyCount "112"]
[EventDate "2023.05.23"]
[EventType "swiss (blitz)"]
[EventRounds "11"]
[EventCountry "USA"]
[SourceTitle "CBM 214 Extra"]
[Source "ChessBase"]
[SourceDate "2023.07.31"]
[SourceVersion "1"]
[SourceVersionDate "2023.07.31"]
[SourceQuality "1"]

1. d4 g6 2. e4 Bg7 3. Be3 a6 4. f3 b5 5. a4 b4 6. Bc4 e6 7. Qd2 h5 8. Ne2 d5 9. Bb3 Bb7 10. Qxb4 Qc8 11. e5 Ne7 12. Qd2 c5 13. c3 0-0 14. h4 Nbc6 15. Bg5 cxd4 16. cxd4 Nf5 17. Nbc3 a5 18. g4 hxg4 19. fxg4 Nfxd4 20. Nxd4 Bxe5 21. Nce2 Nxd4 22. Nxd4 Bg3+ 23. Kf1 e5 24. Kg2 Qxg4 25. Bd1 Qxd4 26. Qxd4 exd4 27. Kxg3 f6 28. Bf4 Rfe8 29. Bf3 Ra6 30. Rhe1 Re4 31. Bxe4 dxe4 32. Rac1 Rb6 33. Rc2 Rb3+ 34. Kh2 Rf3 35. Bg3 d3 36. Rf2 e3 37. Rxf3 Bxf3 38. Rxe3 d2 39. Rd3 d1Q 40. Rxd1 Bxd1 41. Bc7 Bxa4 42. Bxa5 Bb3 43. Bc3 Kf7 44. Kg3 Ke6 45. Kf4 Kf7 46. Ke3 Ke6 47. Kd4 Kf5 48. Kc5 g5 49. Bxf6 Kxf6 50. hxg5+ Kxg5 51. Kb4 Bd5 52. Kc5 Bh1 53. b4 Kf6 54. b5 Ke7 55. b6 Kd7 56. b7 Bxb7 1/2-1/2

[Event "Titled Tuesday intern op 09th May Early"]
[Site "Chess.com INT"]
[Date "2023.05.09"]
[Round "9"]
[White "Antal, Gergely"]
[Black "Sethuraman, SP."]
[Result "1-0"]
[WhiteElo "2558"]
[BlackElo "2626"]
[PlyCount "71"]
[EventDate "2023.05.09"]
[EventType "swiss (blitz)"]
[EventRounds "11"]
[EventCountry "USA"]
[SourceTitle "CBM 214 Extra"]
[Source "ChessBase"]
[SourceDate "2023.07.31"]
[SourceVersion "1"]
[SourceVersionDate "2023.07.31"]
[SourceQuality "1"]

1. Nc3 c5 2. e4 Nc6 3. Nf3 d6 4. g3 g6 5. Bg2 Bg7 6. 0-0 Rb8 7. a4 Bd7 8. d3 Nf6 9. h3 a6 10. Be3 b5 11. axb5 axb5 12. d4 b4 13. Nd5 Nxe4 14. Ng5 Nxg5 15. Bxg5 cxd4 16. Re1 Be6 17. Nf4 Ne5 18. Nxe6 fxe6 19. f4 Nf7 20. Bc6+ Kf8 21. Rxe6 Qb6 22. Bxe7+ Kg8 23. Bd5 Qc5 24. Rxd6 d3+ 25. Kg2 dxc2 26. Qe2 Rf8 27. Bxf7+ Rxf7 28. Rd8+ Rf8 29. Rxf8+ Bxf8 30. Qe6+ Kg7 31. Qf6+ Kh6 32. Bxc5 Bxc5 33. Qg5+ Kg7 34. Qxc5 b3 35. Ra7+ Kh6 36. Qg5# 1-0

[Event "Titled Tuesday intern op 09th May Early"]
[Site "Chess.com INT"]
[Date "2023.05.09"]
[Round "10"]
[White "Molina, Roberto Junio Brito"]
[Black "Antal, Gergely"]
[Result "1-0"]
[WhiteElo "2403"]
[BlackElo "2558"]
[PlyCount "75"]
[EventDate "2023.05.09"]
[EventType "swiss (blitz)"]
[EventRounds "11"]
[EventCountry "USA"]
[SourceTitle "CBM 214 Extra"]
[Source "ChessBase"]
[SourceDate "2023.07.31"]
[SourceVersion "1"]
[SourceVersionDate "2023.07.31"]
[SourceQuality "1"]

1. d4 f5 2. g3 Nf6 3. Bg2 e6 4. Nh3 d5 5. 0-0 Bd6 6. c4 c6 7. b3 0-0 8. Bf4 Be7 9. Nc3 h6 10. Qc2 g5 11. Be5 Nbd7 12. Rad1 Qe8 13. f3 Nxe5 14. dxe5 Nd7 15. f4 g4 16. Nf2 h5 17. h4 gxh3 18. Nxh3 Qg6 19. Kh2 Kh8 20. Bf3 Rg8 21. Rg1 Nc5 22. e3 Ne4 23. Nxe4 fxe4 24. Be2 Bd7 25. Rg2 Be8 26. Rdg1 Qh7 27. g4 hxg4 28. Bxg4 Bf7 29. cxd5 exd5 30. f5 Rxg4 31. Rxg4 Qxf5 32. Qf2 Qxe5+ 33. Kh1 Bh5 34. Nf4 Rf8 35. Qh2 Rxf4 36. exf4 Qf5 37. Rg5 Bxg5 38. Rxg5 1-0

[Event "Titled Tuesday intern op 25th Apr Early"]
[Site "Chess.com INT"]
[Date "2023.04.25"]
[Round "5"]
[White "Antal, Gergely"]
[Black "Daurimbetov, Azamat"]
[Result "0-1"]
[WhiteElo "2565"]
[BlackElo "2185"]
[PlyCount "144"]
[EventDate "2023.04.25"]
[EventType "swiss (blitz)"]
[EventRounds "11"]
[EventCountry "USA"]
[SourceTitle "EXT 2024"]
[Source "ChessBase"]
[SourceDate "2023.10.10"]
[SourceVersion "1"]
[SourceVersionDate "2023.10.10"]
[SourceQuality "1"]

1. g3 c5 2. Bg2 Nc6 3. c4 g6 4. Nc3 Bg7 5. d3 e5 6. h4 h5 7. Bg5 Nge7 8. Nd5 0-0 9. Qd2 f6 10. Bh6 d6 11. a3 Nd4 12. Bxg7 Kxg7 13. Qc3 Nxd5 14. Bxd5 Be6 15. e3 Bxd5 16. cxd5 Nb5 17. Qc2 f5 18. Nf3 Qa5+ 19. Kf1 Nc7 20. Ng5 f4 21. gxf4 exf4 22. e4 Rae8 23. Rg1 f3 24. Rg3 Nb5 25. Nxf3 Rxf3 26. Rxf3 Nd4 27. Qd1 Nxf3 28. Qxf3 Qd2 29. Qe2 Qf4 30. Kg2 Qxh4 31. Rg1 Rf8 32. Kf1 Qf4 33. b4 Qc1+ 34. Kg2 Qg5+ 35. Kf1 Qc1+ 36. Kg2 Qf4 37. bxc5 dxc5 38. Rb1 Qg5+ 39. Kf1 b6 40. a4 h4 41. a5 h3 42. Qb2+ Kh7 43. Ke2 Qg2 44. Rf1 h2 45. Qc1 Qf3+ 46. Kd2 Kg7 47. Qe1 Rh8 48. Rh1 c4 49. dxc4 bxa5 50. Qd1 Qxe4 51. Kc3 Rf8 52. Qd4+ Qxd4+ 53. Kxd4 Rxf2 54. d6 Kf6 55. c5 Ke6 56. Re1+ Kd7 57. Re7+ Kc6 58. Rh7 Rd2+ 59. Kc3 Rd5 60. Rxh2 Rxc5+ 61. Kd4 Rd5+ 62. Ke4 Rxd6 63. Rc2+ Kb6 64. Ke5 Rc6 65. Ra2 Kb5 66. Kd4 a4 67. Rb2+ Ka5 68. Rb7 a6 69. Kd5 Rb6 70. Rg7 a3 71. Rh7 a2 72. Rh1 Rb1 0-1

[Event "Titled Tuesday intern op 25th Apr Early"]
[Site "Chess.com INT"]
[Date "2023.04.25"]
[Round "2"]
[White "Antal, Gergely"]
[Black "Tarnowska, Aleksandra"]
[Result "1-0"]
[WhiteElo "2565"]
[BlackElo "1835"]
[PlyCount "31"]
[EventDate "2023.04.25"]
[EventType "swiss (blitz)"]
[EventRounds "11"]
[EventCountry "USA"]
[SourceTitle "EXT 2024"]
[Source "ChessBase"]
[SourceDate "2023.10.10"]
[SourceVersion "1"]
[SourceVersionDate "2023.10.10"]
[SourceQuality "1"]

1. d4 d5 2. Nc3 Nf6 3. Bg5 e6 4. Bxf6 Qxf6 5. Nf3 c6 6. e4 dxe4 7. Nxe4 Qd8 8. Bd3 Nd7 9. 0-0 Nf6 10. Qe2 Bd6 11. c4 Bc7 12. Rad1 h6 13. h3 Nh5 14. Ne5 Nf6 15. Qf3 Nxe4 16. Qxf7# 1-0

[Event "Titled Tuesday intern op 25th Apr Early"]
[Site "Chess.com INT"]
[Date "2023.04.25"]
[Round "4"]
[White "Santos Flores, Alberto Javier"]
[Black "Antal, Gergely"]
[Result "1/2-1/2"]
[WhiteElo "2164"]
[BlackElo "2565"]
[PlyCount "143"]
[EventDate "2023.04.25"]
[EventType "swiss (blitz)"]
[EventRounds "11"]
[EventCountry "USA"]
[SourceTitle "EXT 2024"]
[Source "ChessBase"]
[SourceDate "2023.10.10"]
[SourceVersion "1"]
[SourceVersionDate "2023.10.10"]
[SourceQuality "1"]

1. d4 f5 2. g3 Nf6 3. Bg2 g6 4. Nf3 Bg7 5. 0-0 0-0 6. c4 d6 7. Nc3 c6 8. d5 e5 9. dxe6 Bxe6 10. b3 Qe7 11. Bb2 Na6 12. Qc2 Rad8 13. Rad1 Nc5 14. Nd4 Bc8 15. b4 Nce4 16. Nxe4 fxe4 17. e3 Rfe8 18. Ne2 Bg4 19. h3 Bf3 20. Bxf3 exf3 21. Nd4 Qe4 22. Qxe4 Nxe4 23. Ba1 Bxd4 24. Rxd4 a6 25. Rfd1 b5 26. cxb5 axb5 27. Rc1 Rc8 28. Bb2 d5 29. Rd3 Nd6 30. Bd4 Nc4 31. Ra1 Ra8 32. a3 Ra6 33. g4 Rea8 34. Kh2 Rxa3 35. Rdxa3 Rxa3 36. Rxa3 Nxa3 37. Kg3 Kf7 38. Kxf3 Ke6 39. Ke2 Nc4 40. f4 Nd6 41. Kf3 Ne4 42. h4 Nd6 43. h5 gxh5 44. gxh5 Kf5 45. Be5 Ne4 46. Bd4 Nd2+ 47. Ke2 Nc4 48. Kf3 Nd6 49. Bc5 Ne8 50. Bd4 Nc7 51. Bc3 Ne6 52. Bb2 c5 53. bxc5 Nxc5 54. Bc3 Na6 55. Bd4 b4 56. Bb2 Nc5 57. Bd4 Na4 58. Ke2 b3 59. Kd2 Ke4 60. Bg7 Nc5 61. Kc3 b2 62. Kxb2 Kxe3 63. f5 Kf4 64. f6 Ne6 65. f7 Kg5 66. f8Q Nxf8 67. Bxf8 Kxh5 68. Kc3 Kg4 69. Kd4 h5 70. Be7 h4 71. Bxh4 Kxh4 72. Kxd5 1/2-1/2

[Event "Mitropa Cup"]
[Site "Mali Losinj"]
[Date "2023.04.19"]
[Round "9.11"]
[White "Antal, Gergely"]
[Black "Haring, Filip"]
[Result "1-0"]
[WhiteElo "2565"]
[BlackElo "2477"]
[PlyCount "93"]
[EventDate "2023.04.11"]
[EventType "team-tourn"]
[EventRounds "9"]
[EventCountry "CRO"]
[SourceTitle "CBM 213 Extra"]
[Source "ChessBase"]
[SourceDate "2023.05.31"]
[SourceVersion "1"]
[SourceVersionDate "2023.05.31"]
[SourceQuality "1"]
[WhiteTeam "Hungary"]
[BlackTeam "Slovakia"]
[WhiteTeamCountry "HUN"]
[BlackTeamCountry "SVK"]

1. e4 c5 2. Nf3 Nc6 3. Bb5 g6 4. 0-0 Bg7 5. Re1 e5 6. Bxc6 dxc6 7. d3 Qc7 8. a3 Nf6 9. b4 cxb4 10. axb4 0-0 11. Nbd2 Bg4 12. Bb2 Nd7 13. h3 Bxf3 14. Nxf3 c5 15. bxc5 Nxc5 16. Ra2 Rfe8 17. Qd2 b5 18. Nh2 Qc6 19. Ng4 Qe6 20. Rea1 Na4 21. Qa5 a6 22. Ne3 Rec8 23. c4 Nc5 24. cxb5 Nb3 25. Qe1 Nxa1 26. Qxa1 Qb3 27. bxa6 Qxd3 28. Nd5 Rd8 29. Ra4 Ra7 30. Kh2 Rd6 31. Qc1 h5 32. Qc5 Rdxa6 33. Nb4 Qxe4 34. Rxa6 Rxa6 35. Nxa6 Qe2 36. Qb6 Kh7 37. Nc7 Qd2 38. Ne8 Bh6 39. Bxe5 Bf4+ 40. Bxf4 Qxf4+ 41. g3 Qe5 42. Nf6+ Kg7 43. Nd7 Qc3 44. Qe3 Qc2 45. Qe5+ Kh7 46. Nf6+ Kh6 47. Qd4 1-0

[Event "Titled Tuesday intern op 04th Apr Early"]
[Site "Chess.com INT"]
[Date "2023.04.04"]
[Round "8"]
[White "Drygalov, Andrey"]
[Black "Antal, Gergely"]
[Result "0-1"]
[WhiteElo "2484"]
[BlackElo "2565"]
[PlyCount "60"]
[EventDate "2023.04.04"]
[EventType "swiss (blitz)"]
[EventRounds "11"]
[EventCountry "USA"]
[SourceTitle "EXT 2024"]
[Source "ChessBase"]
[SourceDate "2023.10.10"]
[SourceVersion "1"]
[SourceVersionDate "2023.10.10"]
[SourceQuality "1"]

1. e4 c6 2. d4 d5 3. e5 c5 4. Nf3 Nc6 5. dxc5 Bg4 6. c3 e6 7. Be3 Nge7 8. Nbd2 Nf5 9. Bd4 Nfxd4 10. cxd4 Qa5 11. a3 Bxf3 12. gxf3 Nxd4 13. b4 Qc7 14. f4 Be7 15. Qa4+ Nc6 16. Bh3 0-0 17. Nf3 a5 18. b5 Nb8 19. f5 Nd7 20. Qf4 Bf6 21. 0-0 Nxe5 22. fxe6 Nxf3+ 23. Qxf3 Bxa1 24. Rxa1 Qe5 25. Rc1 Qg5+ 26. Qg4 Qxc1+ 27. Kg2 Qxc5 28. Qg5 fxe6 29. Bxe6+ Kh8 30. Bf5 d4 0-1

[Event "Titled Tuesday intern op 04th Apr Early"]
[Site "Chess.com INT"]
[Date "2023.04.04"]
[Round "10"]
[White "Gharibyan, Mamikon"]
[Black "Antal, Gergely"]
[Result "1/2-1/2"]
[WhiteElo "2500"]
[BlackElo "2565"]
[PlyCount "97"]
[EventDate "2023.04.04"]
[EventType "swiss (blitz)"]
[EventRounds "11"]
[EventCountry "USA"]
[SourceTitle "EXT 2024"]
[Source "ChessBase"]
[SourceDate "2023.10.10"]
[SourceVersion "1"]
[SourceVersionDate "2023.10.10"]
[SourceQuality "1"]

1. Nf3 c5 2. g3 Nc6 3. Bg2 g6 4. 0-0 Bg7 5. c4 Nh6 6. Nc3 Nf5 7. a3 0-0 8. Qa4 Nfd4 9. Nxd4 cxd4 10. Nd5 e6 11. Nb4 Nxb4 12. axb4 d5 13. b3 d3 14. exd3 Bxa1 15. Qxa1 d4 16. f4 f6 17. b5 e5 18. Bd5+ Kg7 19. Ba3 Re8 20. fxe5 Rxe5 21. Bg2 Bf5 22. h4 Bxd3 23. Rf4 Qe8 24. Qxd4 Rd8 25. Bd6 Re6 26. c5 Bxb5 27. Bxb7 Bc6 28. Bxc6 Qxc6 29. Kh2 a5 30. h5 Rexd6 31. cxd6 Rxd6 32. Qf2 Qb6 33. Qxb6 Rxb6 34. hxg6 hxg6 35. Ra4 Rxb3 36. Rxa5 Rd3 37. Ra2 g5 38. Kg2 f5 39. Ra5 Kf6 40. Ra6+ Ke5 41. Ra5+ Ke4 42. Ra4+ Rd4 43. Ra2 f4 44. gxf4 gxf4 45. Kf2 f3 46. d3+ Rxd3 47. Ra4+ Rd4 48. Rxd4+ Kxd4 49. Kxf3 1/2-1/2